50 Most Populous European Cities Quiz Stats

 Plays Quiz not verified by Sporcle

Score 0/50 Timer 10:00
0 Plays Today
Rank City % Correct
4London, U.K.
98.9%
3Paris, France
98.5%
1Moscow, Russia
97.5%
7Madrid, Spain
96.7%
20Rome, Italy
96.5%
12Berlin, Germany
96.5%
8Barcelona, Spain
94.4%
13Athens, Greece
90.6%
2Istanbul, Turkey
89.8%
6St. Petersburg, Russia
89.4%
41Amsterdam, Netherlands
89.2%
21Munich, Germany
88.9%
27Stockholm, Sweden
88.5%
9Milan, Italy
88.1%
23Warsaw, Poland
88%
26Lisbon, Portugal
87.9%
24Vienna, Austria
87.2%
49Dublin, Ireland
87.1%
25Manchester, U.K.
85.8%
19Kiev, Ukraine
83.8%
42Prague, Czech Republic
83.7%
30Budapest, Hungary
83.4%
47Copenhagen, Denmark
83.2%
43Helsinki, Finland
78.6%
18Hamburg, Germany
78.5%
Rank City % Correct
29Bucharest, Romania
77.6%
15Naples, Italy
77.3%
22Birmingham, U.K.
76.3%
35Marseille, France
74.2%
10Frankfurt, Germany
73.5%
33Lyon, France
71.4%
28Minsk, Belarus
66.8%
45Belgrade, Serbia
63.3%
14Cologne, Germany
62%
40Turin, Italy
61.9%
11Düsseldorf, Germany
55.5%
44Rotterdam, Netherlands
54.5%
34Leeds, U.K.
50.9%
17Stuttgart, Germany
50.6%
5Dortmund, Germany
46.8%
37Porto, Portugal
42.3%
16Katowice, Poland
32.4%
50Lille, France
31.3%
48Newcastle, U.K.
27.4%
38Hannover, Germany
26.1%
31Mannheim, Germany
19%
32Kharkov, Ukraine
17.2%
39Nürnberg, Germany
12.8%
46Aachen, Germany
9%
36Bielefeld, Germany
7.7%

You're not logged in!

Compare scores with friends on all Sporcle quizzes.
OR
Log In

You Might Also Like...

Show Comments

Extras

Top Quizzes Today


Score Distribution

Your Account Isn't Verified!

In order to create a playlist on Sporcle, you need to verify the email address you used during registration. Go to your Sporcle Settings to finish the process.

Report this User

Report this user for behavior that violates our Community Guidelines.

Details: